000 00564nam a22001697a 4500
999 _c9137
_d9137
008 210325b ||||| |||| 00| 0 eng d
040 _aBMS College of Architecture
100 _aR, Yashaswi, Krutika
245 _aCricket stadium with club and training facilities Mangalore- Mangalore cricket club
300 _a69p.
500 _a1BM05AT015
502 _8B.Arch
_NBMS College of Architecture, Visvesvaraya Technological University
_aProject report
_d2010
650 _aMangalore
700 _aK Manjula
_eGuide
700 _aPushpa D
_eGuide
942 _2ddc
_cTHE